| 000 | 00868nam a2200229 a 4500 | ||
|---|---|---|---|
| 001 | 44243 | ||
| 003 | BD-RjUL | ||
| 005 | 20211209053825.0 | ||
| 008 | 160716s1979 bg ||||| |||| 00| 0 ben d | ||
| 020 | _c: Tk. 17.00 | ||
| 035 | _a(BD-RjUL)44361 | ||
| 040 |
_aBD-RjUL _bben _cBD-RjUL |
||
| 041 | _aben | ||
| 082 |
_223 _a954.1400882971 _bSHS 1979 |
||
| 100 | 1 |
_aশামসুদ্দীন, আবু জাফর. _9119848 |
|
| 245 | 1 | 0 |
_aসমাজ সংস্কৃতি ও ইতিহাস / _cআবু জাফর শামসুদ্দীন |
| 260 |
_aবাংলাদেশ : _bমুক্তধারা, _c১৯৭৯ |
||
| 300 |
_a২০৬ পৃ. ; _c২০ সেমি. |
||
| 650 |
_aধর্মীয় সম্প্রদায় _9121539 _vইসলাম |
||
| 650 |
_aReligious Groups _9127111 _vIslam |
||
| 942 |
_2ddc _cBK |
||
| 999 |
_c44243 _d44243 |
||